[Event "Wiesbaden op 25th"]
[Site "Wiesbaden"]
[Date "2013.08.25"]
[Round "7"]
[White "Stabernack, Joschi"]
[Black "Thomele, Michael"]
[Result "1-0"]
[WhiteElo "2060"]
[BlackElo "1899"]
[PlyCount "63"]
[EventDate "2013.08.22"]
[EventType "swiss"]
[EventRounds "7"]
[EventCountry "GER"]
[SourceTitle "CBM 156 Extra"]
[Source "ChessBase"]
[SourceDate "2013.10.22"]
[SourceVersion "1"]
[SourceVersionDate "2013.10.22"]
[SourceQuality "1"]

1. e4 c5 2. Nf3 d6 3. d4 cxd4 4. Nxd4 Nf6 5. Nc3 a6 6. g3 e6 7. Bg2 Be7 8. 0-0 Qc7 9. a4 Nc6 10. h3 Bd7 11. Be3 Na5 12. Re1 Rc8 13. Kh2 Nc4 14. Bc1 h5 15. f4 g6 16. Qd3 Rg8 17. b3 Na5 18. Bb2 Nc6 19. Nf3 Nb4 20. Qd2 d5 21. exd5 Nbxd5 22. Nxd5 Nxd5 23. c4 Bb4 24. Qxd5 Bxe1 25. Rxe1 Bc6 26. Rxe6+ fxe6 27. Qxe6+ Kf8 28. Ne5 Bxg2 29. Ba3+ Kg7 30. Qxg6+ Kh8 31. Qh6+ Qh7 32. Nf7# 1-0

[Event "Karl Mala Memorial op-A 16th"]
[Site "Frankfurt"]
[Date "2013.07.14"]
[Round "7"]
[White "Baumann, Ralf Ruediger"]
[Black "Thomele, Michael"]
[Result "0-1"]
[WhiteElo "1588"]
[BlackElo "1882"]
[PlyCount "62"]
[EventDate "2013.07.11"]
[EventType "swiss"]
[EventRounds "7"]
[EventCountry "GER"]
[SourceTitle "EXT 2014"]
[Source "ChessBase"]
[SourceDate "2013.11.20"]
[SourceVersion "1"]
[SourceVersionDate "2013.11.20"]
[SourceQuality "1"]

1. e4 c5 2. c3 d6 3. d4 cxd4 4. cxd4 e6 5. Nf3 Nf6 6. Bd3 Be7 7. 0-0 a6 8. Be3 Nbd7 9. Nc3 e5 10. Rc1 0-0 11. Bb1 b5 12. Ne2 Bb7 13. d5 Ng4 14. Bd2 Rc8 15. h3 Ngf6 16. Rc3 Rxc3 17. Bxc3 Nc5 18. Ng3 Na4 19. Bd2 Nxb2 20. Qb3 Na4 21. Rc1 Qd7 22. Nf5 Nc5 23. Qc3 Nfxe4 24. Bxe4 Nxe4 25. Qc7 Qxf5 26. Qxe7 Bxd5 27. Ba5 Qe6 28. Qa7 Nc5 29. Bb6 Bxf3 30. Bxc5 dxc5 31. gxf3 c4 0-1

[Event "Karl Mala Memorial op-A 16th"]
[Site "Frankfurt"]
[Date "2013.07.11"]
[Round "1"]
[White "Werner, Dimo"]
[Black "Thomele, Michael"]
[Result "1/2-1/2"]
[WhiteElo "2146"]
[BlackElo "1882"]
[PlyCount "67"]
[EventDate "2013.07.11"]
[EventType "swiss"]
[EventRounds "7"]
[EventCountry "GER"]
[SourceTitle "EXT 2014"]
[Source "ChessBase"]
[SourceDate "2013.11.20"]
[SourceVersion "1"]
[SourceVersionDate "2013.11.20"]
[SourceQuality "1"]

1. Nf3 d5 2. g3 Nf6 3. Bg2 Nc6 4. d4 Bf5 5. 0-0 e6 6. a3 Bd6 7. b4 h6 8. Bb2 0-0 9. Nbd2 Ne4 10. Rc1 b5 11. Ne5 Bxe5 12. dxe5 Nxd2 13. Qxd2 Ne7 14. Bd4 c6 15. Bc5 Re8 16. Rfd1 Nc8 17. e4 Bg6 18. f4 Nb6 19. Qf2 Nc4 20. Bxa7 Qc7 21. Bc5 dxe4 22. Qe1 Rxa3 23. Bxe4 Bxe4 24. Qxe4 Raa8 25. Rd3 Nb6 26. Rdd1 Red8 27. Rd6 Nd5 28. Rxd8+ Qxd8 29. c4 bxc4 30. Qxc4 Qd7 31. Rb1 Ra4 32. Qb3 Ra6 33. Qb2 Qb7 34. b5 1/2-1/2

[Event "Frankfurt-chA"]
[Site "Frankfurt"]
[Date "2013.06.17"]
[Round "7"]
[White "Thomele, Michael"]
[Black "Steiz, Johann"]
[Result "1-0"]
[WhiteElo "1886"]
[BlackElo "1603"]
[PlyCount "73"]
[EventDate "2013.04.29"]
[EventType "swiss"]
[EventRounds "7"]
[EventCountry "GER"]
[SourceTitle "EXT 2014"]
[Source "ChessBase"]
[SourceDate "2013.11.20"]
[SourceVersion "1"]
[SourceVersionDate "2013.11.20"]
[SourceQuality "1"]

1. e4 d5 2. exd5 Nf6 3. d4 Qxd5 4. Nc3 Qa5 5. Bd3 c6 6. Nge2 Bg4 7. f3 Bh5 8. Bd2 e6 9. Ne4 Qd8 10. c3 Nbd7 11. Bg5 Be7 12. Bf4 Nxe4 13. Bxe4 Nf6 14. Bd3 Nd5 15. Bd2 Bh4+ 16. Ng3 Bg6 17. Qe2 Qd6 18. 0-0-0 Bxd3 19. Qxd3 0-0-0 20. Ne4 Qc7 21. g3 Be7 22. Kb1 e5 23. c4 Nb4 24. Qb3 Na6 25. dxe5 Qxe5 26. Bf4 Qf5 27. Qc2 Qg6 28. h4 Rhe8 29. h5 Qe6 30. Rde1 Qd7 31. Rd1 Qe6 32. a3 Nc5 33. Nxc5 Bxc5 34. Qxh7 Rxd1+ 35. Rxd1 Qxc4 36. Qf5+ Qe6 37. Qxc5 1-0

[Event "Frankfurt-chA"]
[Site "Frankfurt"]
[Date "2013.05.06"]
[Round "2"]
[White "Schwenkreis, Thomas"]
[Black "Thomele, Michael"]
[Result "1-0"]
[WhiteElo "2169"]
[BlackElo "1886"]
[PlyCount "121"]
[EventDate "2013.04.29"]
[EventType "swiss"]
[EventRounds "7"]
[EventCountry "GER"]
[SourceTitle "EXT 2014"]
[Source "ChessBase"]
[SourceDate "2013.11.20"]
[SourceVersion "1"]
[SourceVersionDate "2013.11.20"]
[SourceQuality "1"]

1. e4 c5 2. Nf3 d6 3. g3 Nc6 4. Bg2 Nf6 5. d3 g6 6. 0-0 Bg7 7. Nbd2 Bd7 8. c3 Qc8 9. Re1 Bh3 10. Bh1 Bg4 11. Qc2 0-0 12. Nf1 Rb8 13. Ne3 Bd7 14. Bd2 Ng4 15. Nd5 e6 16. Ne3 Nxe3 17. Bxe3 Ne5 18. Nh4 b5 19. Qe2 a5 20. f4 Nc6 21. Rac1 b4 22. e5 dxe5 23. Bxc5 exf4 24. Bxf8 Qxf8 25. gxf4 Qd6 26. Qf3 Ne7 27. Rc2 Bf6 28. Ng2 Bc6 29. Qh3 Nf5 30. d4 Bd5 31. Ne3 Nxe3 32. Qxe3 Bxa2 33. Rd2 Bc4 34. Ra1 Rb5 35. Be4 Rh5 36. Kh1 Kg7 37. Rg2 Rb5 38. Qf3 Qc7 39. Rg3 Bd5 40. Bxd5 Rxd5 41. Qe4 Rf5 42. Rf3 h5 43. Kg2 Qc4 44. Rc1 Rd5 45. Qc2 Rf5 46. Rd1 Qc7 47. Qe4 Qc4 48. Rfd3 Qc7 49. Rf1 Qc4 50. Rff3 Rd5 51. Rd2 Rf5 52. Qe2 Qc7 53. Qe3 Qc4 54. Kh3 Qc7 55. Re2 Qc4 56. Qd3 Qd5 57. Qe4 Qc4 58. Qc2 Qa6 59. c4 Qa7 60. Rd2 a4 61. Rdd3 1-0

[Event "Frankfurt-chA"]
[Site "Frankfurt"]
[Date "2013.04.29"]
[Round "1"]
[White "Thomele, Michael"]
[Black "Friedel, Thomas"]
[Result "1-0"]
[WhiteElo "1886"]
[BlackElo "1609"]
[PlyCount "41"]
[EventDate "2013.04.29"]
[EventType "swiss"]
[EventRounds "7"]
[EventCountry "GER"]
[SourceTitle "EXT 2014"]
[Source "ChessBase"]
[SourceDate "2013.11.20"]
[SourceVersion "1"]
[SourceVersionDate "2013.11.20"]
[SourceQuality "1"]

1. e4 e5 2. Nf3 Nc6 3. Nc3 Nf6 4. d4 exd4 5. Nxd4 Ne5 6. Bf4 d6 7. Qd2 Be7 8. f3 Be6 9. Nxe6 fxe6 10. 0-0-0 Ng6 11. Be3 e5 12. h4 Nh5 13. Bc4 Ngf4 14. Bxf4 Nxf4 15. g3 Ng6 16. Qd5 Rf8 17. Qxb7 Rxf3 18. Qc6+ Kf8 19. Qd5 Ke8 20. Rhf1 Rxf1 21. Rxf1 1-0

[Event "Oberliga Bayern 1213"]
[Site "Bayern"]
[Date "2012.12.09"]
[Round "4.8"]
[White "Keller, Manfred"]
[Black "Thomele, Michael"]
[Result "1-0"]
[WhiteElo "2099"]
[BlackElo "1829"]
[PlyCount "77"]
[EventDate "2012.10.14"]
[EventType "team-tourn"]
[EventRounds "9"]
[EventCountry "GER"]
[SourceTitle "EXT 2015"]
[Source "ChessBase"]
[SourceDate "2014.11.20"]
[SourceVersion "1"]
[SourceVersionDate "2014.11.20"]
[SourceQuality "1"]
[WhiteTeam "Pang/Rosenheim"]
[BlackTeam "Obernau"]
[WhiteTeamCountry "GER"]
[BlackTeamCountry "GER"]

1. e4 c5 2. Nf3 d6 3. Bb5+ Bd7 4. Bxd7+ Qxd7 5. 0-0 Nc6 6. c3 g6 7. d4 cxd4 8. cxd4 Bg7 9. Nc3 Nf6 10. Bg5 0-0 11. Re1 h6 12. Bh4 g5 13. Bg3 Nh5 14. d5 Nb4 15. a3 Na6 16. Nxg5 Nxg3 17. Nh3 Nxe4 18. Rxe4 e5 19. dxe6 fxe6 20. Rg4 Rf5 21. Ne4 d5 22. Ng3 Rf7 23. Nh5 Kf8 24. N3f4 Rc8 25. Qe2 Nc7 26. Re1 a6 27. Ng6+ Ke8 28. Ne5 Bxe5 29. Qxe5 Ke7 30. Ng7 Rcf8 31. f4 Kd8 32. Rc1 Rf6 33. h3 h5 34. Rg5 h4 35. Nh5 Rf5 36. Rxf5 exf5 37. Nf6 Qf7 38. Qd6+ Kc8 39. Rxc7+ 1-0